| 000 -LEADER |
| fixed length control field |
01689cam a2200397Ia 4500 |
| 001 - CONTROL NUMBER |
| control field |
7864935 |
| 003 - CONTROL NUMBER IDENTIFIER |
| control field |
OSt |
| 005 - DATE AND TIME OF LATEST TRANSACTION |
| control field |
20211012122706.0 |
| 006 - FIXED-LENGTH DATA ELEMENTS--ADDITIONAL MATERIAL CHARACTERISTICS |
| fixed length control field |
m d |
| 007 - PHYSICAL DESCRIPTION FIXED FIELD--GENERAL INFORMATION |
| fixed length control field |
cr n |
| 008 - FIXED-LENGTH DATA ELEMENTS--GENERAL INFORMATION |
| fixed length control field |
071116s2008 ne a s 000 0 eng d |
| 020 ## - INTERNATIONAL STANDARD BOOK NUMBER |
| International Standard Book Number |
9781402063367 |
| 035 ## - SYSTEM CONTROL NUMBER |
| System control number |
(WaSeSS)ssj0000195436 |
| 038 ## - RECORD CONTENT LICENSOR |
| Staff Name |
khadija |
| 040 ## - CATALOGING SOURCE |
| Original cataloging agency |
CaPaEBR |
| Transcribing agency |
CaPaEBR |
| Modifying agency |
WaSeSS |
| 050 #4 - LIBRARY OF CONGRESS CALL NUMBER |
| Classification number |
TK7874.8 |
| Item number |
.N38 2006eb |
| 050 #4 - LIBRARY OF CONGRESS CALL NUMBER |
| Classification number |
TK7874.8.N38 2008 |
| 082 ## - DEWEY DECIMAL CLASSIFICATION NUMBER |
| Classification number |
620.5 |
| Author Mark |
MAG |
| 111 2# - MAIN ENTRY--MEETING NAME |
| Meeting name or jurisdiction name as entry element |
NATO Advanced Study Institute on Magnetic Nanostructures for Micro-Electromechanical Systems and Spintronic Applications |
| Date of meeting |
(2006 : |
| Location of meeting |
Catona, Reggio di Calabria, Italy) |
| 9 (RLIN) |
83052 |
| 210 10 - ABBREVIATED TITLE |
| Abbreviated title |
Magnetic nanostructures in modern technology |
| 245 10 - TITLE STATEMENT |
| Title |
Magnetic Nanostructures in Modern Technology : |
| Remainder of title |
Spintronics, Magnetic MEMS and Recording / |
| Statement of responsibility, etc. |
edited by Bruno Azzerboni ... [et al.]. |
| 260 ## - PUBLICATION, DISTRIBUTION, ETC. |
| Place of publication, distribution, etc. |
Dordrecht : |
| Name of publisher, distributor, etc. |
Springer, |
| Date of publication, distribution, etc. |
c2008. |
| 490 1# - SERIES STATEMENT |
| Series statement |
NATO science for peace and security series. Series B, Physics and biophysics |
| 506 ## - RESTRICTIONS ON ACCESS NOTE |
| Terms governing access |
License restrictions may limit access. |
| 563 ## - BINDING INFORMATION |
| Binding note |
hardcover |
| 650 #0 - SUBJECT ADDED ENTRY--TOPICAL TERM |
| Topical term or geographic name entry element |
Nanoelectromechanical systems |
| Form subdivision |
Congresses. |
| 9 (RLIN) |
83053 |
| 650 #0 - SUBJECT ADDED ENTRY--TOPICAL TERM |
| Topical term or geographic name entry element |
Nanostructures. |
| 9 (RLIN) |
3334 |
| 655 #7 - INDEX TERM--GENRE/FORM |
| Genre/form data or focus term |
Electronic books. |
| Source of term |
local |
| 9 (RLIN) |
621 |
| 700 1# - ADDED ENTRY--PERSONAL NAME |
| Personal name |
Azzerboni, Bruno. |
| 9 (RLIN) |
83054 |
| 710 2# - ADDED ENTRY--CORPORATE NAME |
| Corporate name or jurisdiction name as entry element |
ebrary, Inc. |
| 9 (RLIN) |
622 |
| 773 #0 - HOST ITEM ENTRY |
| Title |
SpringerLink ebooks - Physics and Astronomy (2008) |
| 830 #0 - SERIES ADDED ENTRY--UNIFORM TITLE |
| Uniform title |
NATO Science for Peace and Security series. |
| Number of part/section of a work |
B, |
| Name of part/section of a work |
Physics and biophysics. |
| 9 (RLIN) |
83055 |
| 856 40 - ELECTRONIC LOCATION AND ACCESS |
| Uniform Resource Identifier |
<a href="http://www.columbia.edu/cgi-bin/cul/resolve?clio7864935">http://www.columbia.edu/cgi-bin/cul/resolve?clio7864935</a> |
| Public note |
Full text available from SpringerLink ebooks - Physics and Astronomy (2008) |
| 910 ## - USER-OPTION DATA (OCLC) |
| User-option data |
Vendor-generated brief record |
| 942 ## - ADDED ENTRY ELEMENTS (KOHA) |
| Source of classification or shelving scheme |
|
| Koha item type |
Book |